| 000 | 00433pab a2200145 454500 | ||
|---|---|---|---|
| 008 | 180718b1987 xxu||||| |||| 00| 0 eng d | ||
| 100 | _aChaoudhry, Prem | ||
| 245 |
_aSocio - economic dimensions of certain customs and attitudes _bWomen of Haryana in the Colonial period |
||
| 260 | _c1987 | ||
| 300 | _a2060-6 | ||
| 362 | _a28 Nov. | ||
| 650 | _aWomen - India - Haryana | ||
| 773 | _aEconomic and Political Weekly | ||
| 909 | _a20964 | ||
| 999 |
_c20964 _d20964 |
||